| 000 | 00829nam a2200229 a 4500 | ||
|---|---|---|---|
| 001 | 000025715 | ||
| 005 | 20200930024007.0 | ||
| 008 | 110221s1998 sp r 001 0 spa d | ||
| 020 | _a8400077342 | ||
| 040 |
_aDO-SdBNP _bspa _cBNPHU |
||
| 082 |
_ann* _bnn* |
||
| 100 | 1 |
_aRomero, Elena. _915365 |
|
| 245 | 1 | 3 |
_aEl libro del buen retajar : _btextos judeoespañoles de circuncisión / _cElena Romero. |
| 260 |
_aMadrid : _bConsejo Superior de Investigaciones Científicas, _c1998. |
||
| 300 |
_a335 p. ; _c24 cm. |
||
| 490 | 1 |
_aPublicaciones de Estudios Sefardíes. _v6 |
|
| 500 | _aIncluye referencias bibliográficas y notas al pie de las páginas. | ||
| 504 | _aBibliografía : [327]-335 p. | ||
| 500 | _aIncluye índice de fuentes y materias. | ||
| 830 | 0 |
_aPublicaciones de Estudios Sefardíes _v6 _952484 |
|
| 049 | _aBNGR | ||
| 999 |
_c25207 _d25207 |
||